| 000 | 00611cam a2200229 a 4500 | ||
|---|---|---|---|
| 001 | 15060734 | ||
| 005 | 20171215045324.0 | ||
| 008 | 071026s2009 caua 001 0 eng | ||
| 010 | _a 2007940271 | ||
| 020 | _a9780495565215 | ||
| 020 | _a0495565210 | ||
| 040 |
_aDLC _cDLC _dDLC |
||
| 041 | _aeng | ||
| 080 | _a512.9 | ||
| 082 | _2512.9 STE | ||
| 100 | 1 | _a36 | |
| 101 | _aMAT | ||
| 245 | 1 | 0 |
_aCollege algebra / _cJames Stewart, Lothar Redlin, Saleem Watson. |
| 906 |
_a7 _bcbc _corigcop _d3 _encip _f20 _gy-gencatlg |
||
| 942 |
_2ddc _cBK |
||
| 999 |
_c38995 _d38995 |
||